00544 2200181 4500001002100000008004100021035002000062245009200082100005200174260002800226300002400254020002200278084001600300082001000316990001200326990001200338990001200350INLIS000000000002735 IND  a0010-0925000082 aKompeten Berbahasa Indonesia Kelas XIIcDrs. Rusmiyanto, M.Pd., Drs. Imam Taufik, M.Pd. aDrs. Rusmiyanto, M.Pd., Drs. Imam Taufik, M.Pd. aJakartabErlanggac2022 a180c(17,5 x 25 cm) a978-623-266-795-2 a371.3 RUS k a371.3 a0754937 a0754938 a0754939